000 00718nas a2200241 4500
001 BR7903908
003 BR-BrBNA
005 20231205083812.0
007 ta
008 230509b bl.|||p| |||| 00| 00por d
040 _aBR-BrBNA
_bpor
_cBiblioteca Nacional de Agricultura
041 _a(Pt)
072 _aH20
100 1 _aLima, D.M.M.
100 1 _aAguillar, J.A.E.
245 1 _aMurcha-do-amendoim causada por Fusarium solani (Mart). Sacc. [Arachis hipogaea]
650 _aAMENDOIM
650 _aFUNGO
650 _aFUSARIOSE
773 0 _tPesquisa Agropecuaria Brasileira (Brazil)
_xISSN 0100-204X
_g(1978), v. 13(3) p. 1-5
_wBR7903908
909 _a202311
_bLúcia
_c55
_dLúcia Elande
942 _2AGRIS
_n0
_cANA
999 _c101287
_d101287